| 000 | 00720nam a2200193 a 4500 | ||
|---|---|---|---|
| 001 | 000049150 | ||
| 005 | 20201002061707.0 | ||
| 008 | 190723s1996 dr r 000 0 spa d | ||
| 020 | _a8489525528 | ||
| 040 |
_aDO-SdBNP _bspa _cBNPHU |
||
| 082 |
_axxxx _bD542e |
||
| 100 | 1 |
_aDíaz Santana, Miriam _99620 |
|
| 245 | 1 | 0 |
_aEducación y modernización social en República Dominicana : _bun análisis sociológico del plan decenal / _cMiriam Díaz Santana. |
| 260 |
_aSanto Domingo : _bInstituto Tecnólogico de Santo Domingo, _c1996. |
||
| 300 |
_a148 p. ; _c23 cm. |
||
| 500 | _aIncluye referencias bibliográficas y notas al pie de las páginas | ||
| 504 | _aBibliografía : p. 141-148 | ||
| 590 | _aInventariado, 2019/BT | ||
| 999 |
_c48638 _d48638 |
||